| 000 | 00667cam a2200229 4500 | ||
|---|---|---|---|
| 001 | M84991 | ||
| 008 | 090401t1997 xxu||||| |||| 00| 0 eng d | ||
| 035 | _a(Sirsi) u79409 | ||
| 041 | _aeng | ||
| 050 | _a692.2 | ||
| 110 |
_aUnited Kingdom _bDepartment of the Environment _9982 |
||
| 245 | 4 | _aThe Party Wall etc. Act 1996 : explanatory booklet. | |
| 260 |
_aLondon _bDepartment of the Environment _c1997 |
||
| 300 | _a21p. : ill. ; 21cm. | ||
| 350 | _a0 | ||
| 520 | _aPublished in conjunction with the Welsh Office. | ||
| 650 | _aPARTY WALL ETC. ACT 1996 | ||
| 650 |
_aParty walls _96258 |
||
| 690 | _aBUILT ENVIRONMENT | ||
| 942 | _n0 | ||
| 948 | _c02/07/1997 | ||
| 999 |
_c96538 _d96538 |
||